Labour : Journal of canadian labour studies = Le travail : Revue D'etudes ouvrieres canadiennes
محفوظ في:
| التنسيق: | كتاب |
|---|---|
| اللغة: | Undetermined |
| منشور في: |
Ontario, Canada
CCLH
1999
|
| الموضوعات: | |
| الوسوم: |
إضافة وسم
لا توجد وسوم, كن أول من يضع وسما على هذه التسجيلة!
|
| Thư viện lưu trữ: | Trung tâm Học liệu Trường Đại học Cần Thơ |
|---|
| LEADER | 00496nam a2200169Ia 4500 | ||
|---|---|---|---|
| 001 | CTU_41255 | ||
| 008 | 210402s9999 xx 000 0 und d | ||
| 082 | |a 331.05 | ||
| 082 | |b L125 | ||
| 245 | 0 | |a Labour : | |
| 245 | 0 | |b Journal of canadian labour studies = Le travail : Revue D'etudes ouvrieres canadiennes | |
| 260 | |a Ontario, Canada | ||
| 260 | |b CCLH | ||
| 260 | |c 1999 | ||
| 650 | |a Labor economics | ||
| 904 | |i Minh, Huỳnh Mai | ||
| 980 | |a Trung tâm Học liệu Trường Đại học Cần Thơ | ||